| 000 | 00331nam a22001337a 4500 | ||
|---|---|---|---|
| 020 | _a978-1-4711-7939-6 | ||
| 082 |
_a150 _bMUR/P |
||
| 100 | _aMURPHY,JOSEPH | ||
| 245 | _aTHE POWER OF YOUR SUBCONSCIOUS MIND | ||
| 260 |
_aNEWDELHI _bSIMON&SCHUSTER |
||
| 300 | _a297 | ||
| 650 |
_aPOWERFUL SELF HELP GUIDES _zNEW DELHI |
||
| 942 | _cBK | ||
| 999 |
_c5570 _d5570 |
||